| 000 | 00481nam a2200157Ia 4500 | ||
|---|---|---|---|
| 999 |
_c2410 _d2410 |
||
| 003 | OSt | ||
| 005 | 20200907132838.0 | ||
| 008 | 190216s9999||||xx |||||||||||||| ||und|| | ||
| 040 | _coclc | ||
| 082 |
_a535.84 _bBAN/F |
||
| 100 |
_aBanwell, Colin N _94339 |
||
| 245 | 0 |
_aFundamentals Of Molecular Spectroscopy / _cColin N Banwell |
|
| 260 |
_bTata Mcgrawhill Publishers, _c1983. _aNew Delhi: |
||
| 300 | _a338p | ||
| 942 |
_cBK _2ddc _h535.84 _iBAN/F _k535.84 _mBAN/F |
||